Πρόεδροι της Αμερικής - Ξαφνικός Θάνατος - Statistics

General Stats
  • This quiz has been taken 128 times
  • The average score is 5 of 18
Answers on the Grid
Answers color-coded by a green-red scale on the quiz's grid according to % correct below.
Αϊζενχάουερ
Γιάνγκ
Γκάρνερ
Γκάρφιλντ
Γκραντ
Γουόκερ
Κλέι
Κλίβελαντ
Kλίντον
Κολόμβος
Κουκ
Λίνκολν
Μάντισον
Μάρσαλ
ΜακΚινλεϊ
Μονρόε
Μπράιαν
Ντέιβις
Ουάσινγκτον
Πιρς
Σκότ
Σμίθ
Τάιλερ
Τζάκσον
Τζόνσον
Φορντ
Φράνκλιν
Χάρισον
Χάρντινγκ
Χούβερ
 
Answer Stats
Answer % Correct
Αϊζενχάουερ
69%
Kλίντον
68%
Λίνκολν
63%
Ουάσινγκτον
61%
Τζόνσον
32%
Φορντ
32%
Χάρισον
29%
Κλίβελαντ
25%
Μονρόε
24%
Χούβερ
24%
Μάντισον
22%
Γκάρφιλντ
20%
Γκραντ
20%
Τζάκσον
17%
ΜακΚινλεϊ
12%
Τάιλερ
10%
Χάρντινγκ
8%
Πιρς
7%
No matching quizzes found
Score Distribution
Percent of People with Each Score
Percentile by Number Answered
Your Score History
You have not taken this quiz